| 000 | 01148nam a2200337 a 4500 | ||
|---|---|---|---|
| 005 | 20241202123742.0 | ||
| 008 | 100916e2011||||ag a f |||| 001 0 spa d | ||
| 020 | _a9789870550501 | ||
| 041 | _aspa | ||
| 092 |
_c616.0757 _l21 _sELE |
||
| 100 | 1 |
_aEleta, Francisco A. _9802 |
|
| 245 |
_aDiagnóstico por imágenes / _cFrancisco A. Eleta |
||
| 250 | _a2a ed. | ||
| 260 |
_aBuenos Aires: _bel autor; _c2011. |
||
| 300 |
_a364 p. _bil. _c28x20 cm. _eCD |
||
| 500 | _aEleta, F. A. y San Román, J. L. (2011). Diagnóstico por imágenes. (2a ed.). Buenos Aires : el autor. | ||
| 653 | _aMétodos de diagnóstico por imágenes | ||
| 653 | _aSistema respiratorio, mediastino y diafragma | ||
| 653 | _aCorazón y sistema circulatorio | ||
| 653 | _aAbdomen y pelvis | ||
| 653 | _aSistema digestivo | ||
| 653 | _aSistema urinario | ||
| 653 | _aSistema ginecológico y obstetricia | ||
| 653 | _aSistema musculoesquelético y tejidos blandos | ||
| 653 | _aCabeza y cuello | ||
| 653 | _aSistema nervioso central | ||
| 653 | _aRadiología intervencionista | ||
| 700 | 1 |
_aSan Román, José Luís. _9804 |
|
| 930 | _a460 | ||
| 942 |
_2ddc _cBK |
||
| 999 |
_c3221 _d3221 |
||